Meghalt Markó Leó
Elmentve itt :
| Dokumentumtípus: | Cikk |
|---|---|
| Megjelent: |
1982-11-04
|
| Sorozat: | Délmagyarország
72 No. 259 |
| Kulcsszavak: | Markó Leó |
| Online Access: | http://dmarchiv.bibl.u-szeged.hu/97211 |
| LEADER | 00386nab a2200145 i 4500 | ||
|---|---|---|---|
| 001 | delm97211 | ||
| 005 | 20190620130045.0 | ||
| 008 | 190620s1982 hu o 0|| hun d | ||
| 040 | |a SZTE Délmagyarország Archívum |b hun | ||
| 041 | |a hun | ||
| 245 | 0 | 0 | |a Meghalt Markó Leó |h [elektronikus dokumentum] |
| 260 | |c 1982-11-04 | ||
| 300 | |a 8 | ||
| 490 | 0 | |a Délmagyarország |v 72 No. 259 | |
| 695 | |a Markó Leó | ||